| Saison | Starts | Fahrer | % Korrekt | |
|---|---|---|---|---|
| 1985 - 1987 | 48 | 🇧🇷 | Ayrton Senna | 91%
|
| 1960 - 1968 | 72 | 🇬🇧** | Jim Clark | 81%
|
| 1969 - 1970• | 19 | 🇦🇹* | Jochen Rindt | 81%
|
| 1968 - 1969 1976 - 1980 | 79 | 🇺🇸* | Mario Andretti | 79%
|
| 1958 - 1959 1967 - 1969 | 48 | 🇬🇧* | Graham Hill | 74%
|
| 1974 - 1975 | 24 | 🇧🇪 | Jacky Ickx | 74%
|
| 1970 - 1973 | 42 | 🇧🇷* | Emerson Fittipaldi | 72%
|
| 1988 - 1989 | 31 | 🇧🇷 | Nelson Piquet | 70%
|
| 1973 - 1976, 1978• | 59 | 🇸🇪 | Ronnie Peterson | 66%
|
| 1991 - 1992 | 30 | 🇫🇮 | Mika Hakkinen | 62%
|
| 1980 - 1984 | 59 | 🇬🇧 | Nigel Mansell | 55%
|
| 1979 | 15 | 🇦🇷 | Carlos Reutemann | 49%
|
| 1963 - 1966 | 5 | 🇲🇽 | Pedro Rodriguez | 49%
|
| 1960 | 4 | 🇬🇧 | John Surtees | 45%
|
| 1994 | 2 | 🇫🇮 | Mika Salo | 45%
|
| 1980 - 1985 | 90 | 🇮🇹 | Elio de Angelis | 36%
|
| 1987 - 1989 | 43 | 🇯🇵 | Saturo Nakajima | 36%
|
| 1976 - 1977 | 31 | 🇸🇪 | Gunnar Nilsson | 34%
|
| 1990 - 1994 | 54 | 🇬🇧 | Johnny Herbert | 32%
|
| 1993 - 1994 | 8 | 🇵🇹 | Pedro Lamy | 28%
|
| 1993 - 1994 | 21 | 🇮🇹 | Alessandro Zanardi | 23%
|
| 1992 - 1993 | 32 | 🇮🇹 | Andrea de Cesaris | 23%
|
| 1986 | 15 | 🇬🇧 | Johnny Dumfries | 19%
|
| 1959 - 1961 | 20 | 🇬🇧 | Innes Ireland | 17%
|
| 1958 | 8 | 🇬🇧 | Cliff Allison | 15%
|
| 1990 | 16 | 🇬🇧 | Derek Warwick | 13%
|
| 1978 | 2 | 🇫🇷 | Jean-Pierre Jarier | 11%
|
| 1990 | 12 | 🇬🇧 | Martin Donnelly | 11%
|
| 1970 - 1972 | 14 | 🇸🇪 | Reine Wisell | 11%
|
| 1961 - 1963 | 19 | 🇬🇧 | Trevor Taylor | 11%
|
| 1958 - 1960 | 7 | 🇬🇧 | Alan Stacey | 9%
|
| 1968 | 8 | 🇬🇧 | Jackie Oliver | 9%
|
| 1963 - 1965 | 16 | 🇬🇧 | Mike Spence | 9%
|
| 1964 - 1965 1967 - 1968 | 6 | 🇲🇽 | Moises Solana | 9%
|
| 1963 - 1964, 1966 | 11 | 🇬🇧 | Peter Arundell | 9%
|
| 1975 | 2 | 🇬🇧 | Brian Henton | 6%
|
| 1970 - 1971 | 11 | 🇦🇺 | Dave Walker | 6%
|
| 1964, 1965 | 2 | 🇩🇪 | Gerhard Mitter | 6%
|
| 1994 | 2 | 🇧🇪 | Philippe Adams | 6%
|
| 1965, 1966 | 2 | 🇮🇹 | Giacomo Russo | 2%
|
| 1975 | 2 | 🇬🇧 | Jim Crawford | 2%
|
| 1969 - 1970 | 12 | 🇬🇧 | John Miles | 2%
|